[Event "Niedersachsen-ch"]
[Site "Verden"]
[Date "2013.01.03"]
[Round "2"]
[White "Tonndorf, Matthias"]
[Black "Tennert, Simon"]
[Result "1/2-1/2"]
[WhiteElo "2234"]
[BlackElo "2124"]
[PlyCount "219"]
[EventDate "2013.01.03"]
[EventType "swiss"]
[EventRounds "7"]
[EventCountry "GER"]
[SourceTitle "EXT 2014"]
[Source "ChessBase"]
[SourceDate "2013.11.20"]
[SourceVersion "1"]
[SourceVersionDate "2013.11.20"]
[SourceQuality "1"]

1. e4 c5 2. Nf3 Nc6 3. Bb5 g6 4. 0-0 Bg7 5. Re1 Qb6 6. Nc3 Bxc3 7. Bxc6 Bg7 8. Bd5 Nf6 9. Bc4 d6 10. h3 0-0 11. d3 Nh5 12. c3 a6 13. a4 Qc7 14. a5 Bd7 15. Qb3 Rab8 16. g4 Nf6 17. e5 Ne8 18. Bf4 b5 19. axb6 Rxb6 20. Qa2 Qb7 21. Bd5 Bc6 22. Bxc6 Qxc6 23. Re3 Nc7 24. exd6 exd6 25. Bg3 Nd5 26. Re4 Nf6 27. Re3 Nd5 28. Re4 Rfb8 29. Qa4 Nf6 30. Qxc6 Rxc6 31. Rea4 Rbb6 32. R1a2 h5 33. g5 Nd5 34. Nd2 Rb8 35. Nc4 Ra8 36. Bxd6 Bxc3 37. bxc3 Nxc3 38. R4a3 Nxa2 39. Rxa2 Rd8 40. Be7 Rxd3 41. Ne5 Rd1+ 42. Kg2 Rc8 43. Nc4 Re1 44. Bf6 Re6 45. Rb2 Rec6 46. Bc3 Kf8 47. Rd2 Re6 48. Ne5 c4 49. Rd7 Ke8 50. Ra7 Re7 51. Rxa6 Rb7 52. Ra2 Ke7 53. Re2 Kd6 54. Nf3 Rb3 55. Nd4 Rb1 56. Nc2 Rd1 57. Bb4+ Kc6 58. Ne3 Rb1 59. Bc3 Kb5 60. Ra2 Rb3 61. Ra5+ Kc6 62. Bf6 c3 63. Ra1 Kb5 64. Rc1 Rc5 65. h4 Ra3 66. Rc2 Ra4 67. Kg3 Rc6 68. f3 Ra1 69. Bxc3 Rg1+ 70. Kh2 Rb1 71. Kg3 Rg1+ 72. Kf2 Rb1 73. Rb2+ Rxb2+ 74. Bxb2 Kc5 75. Bf6 Ra6 76. Kg3 Ra2 77. Nd1 Rc2 78. Nf2 Kc4 79. Ne4 Kd5 80. Bc3 Ke6 81. Kf4 Rh2 82. Be1 Re2 83. Bf2 Ra2 84. Kg3 Kf5 85. Nd6+ Ke6 86. Nb5 Ra4 87. Nd4+ Kd5 88. Nc2 Ke6 89. Ne3 Ke5 90. Be1 Ke6 91. f4 Ra3 92. Kf3 Ra2 93. Bf2 Ra3 94. Be1 Ra2 95. Bc3 Rh2 96. Kg3 Ra2 97. Bf6 Ra4 98. Nc2 Kd5 99. Kf3 Ke6 100. f5+ Kd6 101. fxg6 fxg6 102. Kg3 Kd5 103. Ne1 Ke4 104. Nc2 Kd3 105. Ne1+ Ke4 106. Nc2 Kd3 107. Nd4 Rxd4 108. Bxd4 Kxd4 109. Kf4 Kd5 110. Kf3 1/2-1/2

[Event "GER-chT Lands U20"]
[Site "Hannover"]
[Date "2012.10.02"]
[Round "6.4"]
[White "Tennert, Simon"]
[Black "Zahn, Alina"]
[Result "1-0"]
[WhiteElo "2185"]
[BlackElo "1939"]
[PlyCount "97"]
[EventDate "2012.09.29"]
[EventType "team-swiss"]
[EventRounds "7"]
[EventCountry "GER"]
[SourceTitle "CBM 150 Extra"]
[Source "ChessBase"]
[SourceDate "2012.10.19"]
[SourceVersion "1"]
[SourceVersionDate "2012.10.19"]
[SourceQuality "1"]
[WhiteTeam "Niedersachsen"]
[BlackTeam "Thueringen"]
[WhiteTeamCountry "GER"]
[BlackTeamCountry "GER"]

1. e4 e5 2. Nf3 Nc6 3. Bb5 a6 4. Ba4 Nf6 5. 0-0 b5 6. Bb3 Be7 7. Qe2 0-0 8. c3 d6 9. Rd1 Na5 10. Bc2 c5 11. d4 Qc7 12. d5 Bg4 13. h3 Bh5 14. Nbd2 h6 15. Nf1 Bg6 16. Nh4 Bh7 17. Nf5 Bxf5 18. exf5 Rab8 19. b3 c4 20. b4 Nb7 21. a4 a5 22. axb5 axb4 23. cxb4 Ra8 24. Ra6 Rfb8 25. Rc6 Qd7 26. Qxc4 Ne8 27. Be3 Nd8 28. Ra6 Rc8 29. Qa2 Nc7 30. Bd3 Nxa6 31. bxa6 Rcb8 32. Qc4 Bf6 33. b5 Rc8 34. Qe4 Rcb8 35. Rb1 Qc8 36. Rc1 Qd7 37. b6 Rc8 38. Rb1 Rcb8 39. Bb5 Qe7 40. Rc1 Rc8 41. b7 Nxb7 42. axb7 Qxb7 43. Bc6 Qb2 44. Bxa8 Rxc1 45. Bxc1 Qxc1 46. Bc6 Qb2 47. Ng3 Qc1+ 48. Kh2 Qd2 49. Qe2 1-0

[Event "GER-chT Lands U20"]
[Site "Hannover"]
[Date "2012.09.30"]
[Round "3.4"]
[White "Kitze, Alexander"]
[Black "Tennert, Simon"]
[Result "1-0"]
[WhiteElo "1926"]
[BlackElo "2185"]
[PlyCount "51"]
[EventDate "2012.09.29"]
[EventType "team-swiss"]
[EventRounds "7"]
[EventCountry "GER"]
[SourceTitle "CBM 150 Extra"]
[Source "ChessBase"]
[SourceDate "2012.10.19"]
[SourceVersion "1"]
[SourceVersionDate "2012.10.19"]
[SourceQuality "1"]
[WhiteTeam "Sachsen Anhalt"]
[BlackTeam "Niedersachsen"]
[WhiteTeamCountry "GER"]
[BlackTeamCountry "GER"]

1. e4 c5 2. Nf3 d6 3. d4 cxd4 4. Nxd4 Nf6 5. Nc3 Nc6 6. f3 a6 7. Be3 Bd7 8. Qd2 e6 9. g4 Be7 10. 0-0-0 Rc8 11. g5 Nh5 12. f4 e5 13. Nf5 Bxf5 14. exf5 exf4 15. Bf2 Bxg5 16. Rg1 Bh6 17. Qe2+ Ne5 18. Qxh5 Qa5 19. Ne4 Rxc2+ 20. Kxc2 Qa4+ 21. Kb1 Qxe4+ 22. Ka1 f3 23. Bh3 Qc2 24. Qh4 Bg5 25. Qxg5 Nc4 26. Qc1 1-0

[Event "Pardubice Czech op-A 23rd"]
[Site "Pardubice"]
[Date "2012.07.28"]
[Round "9"]
[White "Tennert, Simon"]
[Black "Reinhart, Emmanuel"]
[Result "1-0"]
[WhiteElo "2075"]
[BlackElo "2347"]
[PlyCount "63"]
[EventDate "2012.07.12"]
[EventType "swiss"]
[EventRounds "9"]
[EventCountry "CZE"]
[SourceTitle "CBM 149 Extra"]
[Source "ChessBase"]
[SourceDate "2012.08.24"]
[SourceVersion "1"]
[SourceVersionDate "2012.08.24"]
[SourceQuality "1"]

1. e4 c6 2. d4 d5 3. e5 Bf5 4. Nf3 e6 5. Be2 Nd7 6. 0-0 Ne7 7. Be3 Nc8 8. Nbd2 Be7 9. Re1 Qc7 10. Rc1 Ncb6 11. c3 h6 12. Nf1 Nc4 13. b3 Ncb6 14. Ng3 Bg6 15. Bd3 Bxd3 16. Qxd3 a5 17. Nh5 g6 18. Nf4 0-0-0 19. Qb1 g5 20. Nh5 Kb8 21. Qb2 Rhg8 22. c4 c5 23. dxc5 Nxc5 24. Qc3 dxc4 25. Qxa5 Na8 26. Qa3 Nb6 27. Qa5 Nd5 28. Qxc7+ Nxc7 29. Rxc4 Nd3 30. Bb6 Rd7 31. Rd1 Rgd8 32. Rxd3 1-0

[Event "Pardubice Czech op-A 23rd"]
[Site "Pardubice"]
[Date "2012.07.26"]
[Round "7"]
[White "Tennert, Simon"]
[Black "Ben Artzi, Ido"]
[Result "0-1"]
[WhiteElo "2075"]
[BlackElo "2265"]
[PlyCount "98"]
[EventDate "2012.07.12"]
[EventType "swiss"]
[EventRounds "9"]
[EventCountry "CZE"]
[SourceTitle "CBM 149 Extra"]
[Source "ChessBase"]
[SourceDate "2012.08.24"]
[SourceVersion "1"]
[SourceVersionDate "2012.08.24"]
[SourceQuality "1"]

1. e4 d6 2. d4 Nf6 3. Bd3 e5 4. c3 d5 5. dxe5 Nxe4 6. Nf3 Nc6 7. 0-0 Bg4 8. Bf4 Be7 9. Nbd2 Nc5 10. Be2 Ne6 11. Bg3 Bf5 12. Nb3 0-0 13. Qd2 Qd7 14. Rad1 Rad8 15. Nh4 Be4 16. f3 Bg5 17. Qe1 Bc2 18. f4 Bxd1 19. Qxd1 Bxh4 20. Bxh4 g5 21. fxg5 Nxe5 22. Bg3 Nc4 23. Bd3 Nxg5 24. Qh5 f6 25. Rf4 Qe8 26. Qxe8 Rdxe8 27. Nc5 Ne5 28. Bf5 b6 29. Na6 Rf7 30. Nb4 c6 31. Nc2 c5 32. Ne3 Nd3 33. Bxd3 Rxe3 34. Bb5 Ne4 35. Bh4 c4 36. Bc6 Rd3 37. Rf3 Kf8 38. h3 Rc7 39. Ba8 Ke7 40. Rf4 Ke6 41. Rg4 Nd6 42. Rf4 Rc8 43. Rxf6+ Ke5 44. Rh6 Rxa8 45. Bf6+ Kf5 46. g4+ Kf4 47. Rh5 Re8 48. Kg2 Re2+ 49. Kf1 Kf3 0-1

[Event "Pardubice Czech op-A 23rd"]
[Site "Pardubice"]
[Date "2012.07.24"]
[Round "5"]
[White "Tennert, Simon"]
[Black "Adamek, Jiri"]
[Result "1/2-1/2"]
[WhiteElo "2075"]
[BlackElo "2311"]
[PlyCount "24"]
[EventDate "2012.07.12"]
[EventType "swiss"]
[EventRounds "9"]
[EventCountry "CZE"]
[SourceTitle "CBM 149 Extra"]
[Source "ChessBase"]
[SourceDate "2012.08.24"]
[SourceVersion "1"]
[SourceVersionDate "2012.08.24"]
[SourceQuality "1"]

1. e4 e6 2. d4 d5 3. Nc3 dxe4 4. Nxe4 Bd7 5. Bd3 Bc6 6. Nf3 Nd7 7. 0-0 Be7 8. Re1 Ngf6 9. Ng3 0-0 10. c3 b6 11. b3 Bb7 12. Bb2 c5 1/2-1/2

[Event "Pardubice Czech op-A 23rd"]
[Site "Pardubice"]
[Date "2012.07.22"]
[Round "3"]
[White "Tennert, Simon"]
[Black "Semcesen, Daniel"]
[Result "0-1"]
[WhiteElo "2075"]
[BlackElo "2464"]
[PlyCount "78"]
[EventDate "2012.07.12"]
[EventType "swiss"]
[EventRounds "9"]
[EventCountry "CZE"]
[SourceTitle "CBM 149 Extra"]
[Source "ChessBase"]
[SourceDate "2012.08.24"]
[SourceVersion "1"]
[SourceVersionDate "2012.08.24"]
[SourceQuality "1"]

1. e4 e5 2. Nf3 Nc6 3. Bc4 d6 4. d3 Na5 5. Nbd2 Nf6 6. a4 Nxc4 7. Nxc4 Be7 8. Bg5 h6 9. Bxf6 Bxf6 10. h3 0-0 11. 0-0 g6 12. c3 Bg7 13. d4 exd4 14. Nxd4 d5 15. exd5 Qxd5 16. Ne3 Qc5 17. Nb3 Qg5 18. Qf3 c6 19. Rfd1 Re8 20. Nd4 Qf6 21. Qg3 Qe5 22. Qxe5 Bxe5 23. Nc4 Bc7 24. a5 Rd8 25. Ne3 Bd7 26. Nb3 Be8 27. Nc5 b6 28. Ne4 Kg7 29. axb6 axb6 30. Rxa8 Rxa8 31. Nd6 Kf6 32. Ng4+ Kg7 33. Ne5 Bxd6 34. Rxd6 Ra1+ 35. Kh2 Ra2 36. Rd8 Kf8 37. Rb8 Rxb2 38. Nxc6 Rxf2 39. Rxb6 Rf6 0-1

[Event "GER-ch U16"]
[Site "Oberhof"]
[Date "2012.06.01"]
[Round "8"]
[White "Tennert, Simon"]
[Black "Moehn, Hans"]
[Result "1-0"]
[WhiteElo "2099"]
[BlackElo "2109"]
[PlyCount "63"]
[EventDate "2012.05.27"]
[EventType "swiss"]
[EventRounds "9"]
[EventCountry "GER"]
[SourceTitle "CBM 148 Extra"]
[Source "ChessBase"]
[SourceDate "2012.06.22"]
[SourceVersion "1"]
[SourceVersionDate "2012.06.22"]
[SourceQuality "1"]

1. e4 c5 2. Nf3 e6 3. d4 cxd4 4. Nxd4 a6 5. Bd3 Bc5 6. Nb3 Ba7 7. Qg4 Nf6 8. Qg3 d6 9. Nc3 Nc6 10. Bg5 Ne5 11. 0-0-0 Qe7 12. f4 Nxd3+ 13. Rxd3 h6 14. Bh4 g5 15. fxg5 Nh5 16. Qg4 hxg5 17. Bxg5 f6 18. Bh4 Kf7 19. Qf3 Bd7 20. Bf2 Bb8 21. g4 Ng7 22. Bg3 Bc7 23. Rhd1 Ne8 24. Qf2 Bc6 25. g5 Kg8 26. gxf6 Qxf6 27. Rf3 Qg6 28. Rg1 Ng7 29. Bf4 Qf6 30. Bg5 Rxh2 31. Bxf6 Rxf2 32. Rxg7+ 1-0

[Event "GER-ch U16"]
[Site "Oberhof"]
[Date "2012.05.31"]
[Round "7"]
[White "Carow, Johannes"]
[Black "Tennert, Simon"]
[Result "1-0"]
[WhiteElo "2195"]
[BlackElo "2099"]
[PlyCount "75"]
[EventDate "2012.05.27"]
[EventType "swiss"]
[EventRounds "9"]
[EventCountry "GER"]
[SourceTitle "CBM 148 Extra"]
[Source "ChessBase"]
[SourceDate "2012.06.22"]
[SourceVersion "1"]
[SourceVersionDate "2012.06.22"]
[SourceQuality "1"]

1. d4 Nf6 2. c4 c5 3. d5 e6 4. Nc3 exd5 5. cxd5 d6 6. e4 g6 7. f3 Bg7 8. Nge2 0-0 9. Ng3 a6 10. a4 Nbd7 11. Be2 Re8 12. 0-0 h5 13. Bg5 Qc7 14. Qd2 Rb8 15. Rfc1 b6 16. Rab1 Nh7 17. Bf4 Ne5 18. b4 Re7 19. Kh1 Qa7 20. Be3 h4 21. Nf1 h3 22. g3 Qa8 23. Qd1 Nf6 24. Nd2 Rc7 25. g4 Ne8 26. b5 c4 27. Qf1 Nf6 28. Bxc4 Bxg4 29. fxg4 Nfxg4 30. Bf4 Rbc8 31. Nd1 f5 32. bxa6 fxe4 33. Ne3 Nxe3 34. Bxe3 Ng4 35. Qxh3 Bh6 36. Qxg4 Bxe3 37. Qxg6+ Rg7 38. Qe6+ 1-0

[Event "GER-ch U16"]
[Site "Oberhof"]
[Date "2012.05.29"]
[Round "4"]
[White "Tennert, Simon"]
[Black "Krause, Benedict"]
[Result "1/2-1/2"]
[WhiteElo "2099"]
[BlackElo "1960"]
[PlyCount "51"]
[EventDate "2012.05.27"]
[EventType "swiss"]
[EventRounds "9"]
[EventCountry "GER"]
[SourceTitle "CBM 148 Extra"]
[Source "ChessBase"]
[SourceDate "2012.06.22"]
[SourceVersion "1"]
[SourceVersionDate "2012.06.22"]
[SourceQuality "1"]

1. e4 c6 2. d4 d5 3. exd5 cxd5 4. c4 Nf6 5. Nc3 Nc6 6. Bg5 dxc4 7. Bxc4 h6 8. Bf4 e6 9. Nf3 Bd6 10. Be5 0-0 11. 0-0 a6 12. a3 b5 13. Ba2 Bb7 14. Re1 Na5 15. Qe2 Rc8 16. Rac1 Qe7 17. Nd2 Rfd8 18. b4 Nc6 19. Nb3 Bxe5 20. dxe5 Nd5 21. Nc5 Nd4 22. Qg4 Nxc3 23. Rxc3 Qg5 24. Qxg5 hxg5 25. f3 Bd5 26. Bxd5 1/2-1/2